Classement des nations aux Jeux méditerranéens depuis 1951 - Statistiques

Statistiques générales
  • Ce quiz a été pris 6 fois
  • Le résultat moyen est 18 sur 25
Statistiques - réponses
Rang Or Argent Bronze Total Pays Continent % Correct
8 86 76 131 293 Algérie Afrique
100%
6 156 209 255 620 Egypte Afrique
100%
3 345 474 569 1388 Espagne Europe
100%
2 652 600 569 1821 France Europe
100%
5 200 257 349 806 Grèce Europe
100%
1 924 791 747 2462 Italie Europe
100%
14 10 23 42 75 Liban Asie
100%
13 32 42 76 150 Syrie Asie
100%
7 89 101 159 349 Tunisie Afrique
100%
4 386 269 315 970 Turquie Asie/Europe
100%
11 57 69 79 205 Croatie Europe
83%
9 72 90 116 278 Maroc Afrique
83%
10 55 64 99 218 Slovénie Europe
83%
21 2 1 14 17 Libye Afrique
67%
12 54 51 58 163 Serbie Europe
67%
17 11 19 18 48 Albanie Europe
50%
15 19 21 25 65 Chypre Europe
50%
24 1 4 4 9 Malte Europe
50%
25 1 3 1 5 Monaco Europe
50%
18 6 8 25 39 Bosnie-Herzégovine Europe
33%
23 6 1 3 10 Kosovo Europe
33%
16 10 18 21 49 Portugal Europe
33%
19 5 10 8 23 Saint-Marin Europe
33%
22 3 2 9 14 Macédoine Europe
17%
20 4 8 10 22 Monténégro Europe
17%
Aucun quiz correspondant
Distribution des résultats
% des personnes avec chaque résultat
Percentile par nombre de réponses
Votre historique - résultats
Vous n’avez pas pris ce quiz